| 000 | 00489nam a2200169 a 4500 | ||
|---|---|---|---|
| 005 | 20140412111419.0 | ||
| 008 | 070906s19uu xx 00 eng d | ||
| 020 | _a971-630-149-9 | ||
| 050 |
_aFil E _bTa14 2006 |
||
| 100 | _aWee, Serene | ||
| 245 |
_aThe tale of lady cabbage / : _cSerene Wee. _bAng kwento ni binibining repolyo / |
||
| 260 |
_aPhilippines : _bTahanan pacific, _c2005. |
||
| 300 | _a1 v. unp | ||
| 440 | _aLittle clogs | ||
| 650 |
_aPlants _xFolklore |
||
| 999 |
_c105962 _d105962 |
||